| 000 | 02163nam0a22004211 4500 | ||
|---|---|---|---|
| 001 | v19\rc\2110886 | ||
| 005 | 20260406150927.0 | ||
| 035 | _a(NLR Aleph) 005185973 | ||
| 090 |
_a5166085 _c5166085 |
||
| 100 | _a20090914d1804 |||y0rusy50 ca | ||
| 101 | 0 | _arus | |
| 102 | _aRU | ||
| 135 | _acogo 008apabr | ||
| 140 | _ay y aayaa0000 | ||
| 200 | 1 |
_aОда его императорскому величеству всемилостивейшему государю Александру Первому на всерадостный день возшествия его на всероссийский престол. _fС благоговением посвящает Павел Голенищев Кутузов. Марта в 12 день, 1804 года |
|
| 210 |
_aМосква _cв типографии Платона Бекетова _d1804 |
||
| 215 |
_a8 с. _d4° |
||
| 300 | _aЦенз.: Моск. ун-та ценз. ком. | ||
| 321 | 1 | _aСК 1801-1825 1817 | |
| 325 | _aКопия доступна в Электрон. б-ке РНБ | ||
| 620 | _dМосква | ||
| 700 | 1 |
_8rus _7ca _aГоленищев-Кутузов _bП. И. _f1767-1829 _gПавел Иванович _3RU\NLR\AUTH\7793662 _976588 |
|
| 702 | 0 |
_4280 _8rus _7ca _aАлександр _cимператор российский _dI _f1777-1825 _3RU\NLR\AUTH\775342 _9115306 |
|
| 702 | 1 |
_aБекетов _bП. П. _f1761-1836 _gПлатон Петрович _3RU\NLR\AUTH\770274331 _4610 |
|
| 712 | 0 | 2 |
_4610 _aБекетов, _cМосква _gПлатон Петрович, _hтипография _9723186 _3RU\NLR\AUTH\880530584 |
| 790 | 1 |
_9z01700 _aКутузов _bП.И. _gПавел Иванович |
|
| 801 | 0 |
_aRU _bNLR _gpsbo |
|
| 801 | 1 |
_aRU _bProSoft-M _2rusmarc |
|
| 801 | 2 |
_aRU _bNLR _c20160201 _2rusmarc |
|
| 852 |
_aNLR _j18.153.2.27 |
||
| 942 | _cBOOK | ||
| 980 | _aNB | ||
| 980 | 9 | _akprsl | |
| 981 | 3 | 6 | _a(36) Цифровой репозиторий РНБ |
| 981 | 2 | 0 |
_a(20) Книжные памятники РНБ _b(20) Русский книжный фонд |
| 981 | 2 | 9 | _a(29) Редкая книга |